| 000 | 00646nam a2200205 a 4500 | ||
|---|---|---|---|
| 001 | 21472 | ||
| 003 | CO-ViMGA | ||
| 008 | 141112s2004 ck r 000 u spa d | ||
| 020 | _a8495040875 | ||
| 040 |
_aCO-ViMGA _bspa _cCO-ViMGA |
||
| 082 | 0 | 4 | _aCOUma |
| 100 | 1 |
_aCousins, Lucy _930670 |
|
| 245 | 1 | 0 | _aA Maisy le gusta jugar |
| 260 |
_aBarcelona : _bSerres, _c20014 |
||
| 300 | _a18 | ||
| 500 | _aPara niños de 4 años. | ||
| 590 | _aForma de adquisición : Donación fact. 8847 - - Precio : 27000 - - Proveedor : Fundación exito - - Fecha de adquisición : Junio 2007 | ||
| 650 | 1 | 4 |
_aCUENTOS INFANTILES INGLESES _915884 |
| 942 |
_2ddc _cBK |
||
| 999 |
_c30076 _d30076 |
||